Винтовые насосы с циклоидальным зацеплением. Конструкция, теория, расчет, изготовление

Detaylı Bibliyografya
Yazar: Жмудь А. Е. Адольф Елизарович
Dil:Rusça
Baskı/Yayın Bilgisi: Москва, Машгиз, 1948
Konular:
Materyal Türü: MixedMaterials Kitap
KOHA link:https://koha.lib.tpu.ru/cgi-bin/koha/opac-detail.pl?biblionumber=319401

MARC

LEADER 00000nam0a2200000 4500
001 319401
005 20231102003157.0
035 |a (RuTPU)RU\TPU\book\344910 
090 |a 319401 
100 |a 20160530d1948 km y0rusy50 ca 
101 0 |a rus 
102 |a RU 
105 |a a z 001zy 
200 1 |a Винтовые насосы с циклоидальным зацеплением. Конструкция, теория, расчет, изготовление  |f А. Е. Жмудь 
210 |a Москва  |a Ленинград  |c Машгиз  |d 1948 
215 |a 100 с.  |c ил. 
606 1 |a Насосы винтовые  |2 stltpush  |3 (RuTPU)RU\TPU\subj\44965  |9 64233 
610 1 |a циклоидальные передачи 
610 1 |a конструкции 
610 1 |a теория 
610 1 |a расчет 
610 1 |a изготовление 
610 1 |a геометрия 
610 1 |a производительность 
610 1 |a всасывание 
675 |a 621.66  |v 4 
700 1 |a Жмудь  |b А. Е.  |g Адольф Елизарович 
801 1 |a RU  |b 63413507  |c 20160530 
801 2 |a RU  |b 63413507  |c 20200327  |g RCR 
942 |c BK